<?xml version="1.0" encoding="UTF-8"?><?xml-stylesheet type="text/xsl" href="static/style.xsl"?><OAI-PMH xmlns="http://www.openarchives.org/OAI/2.0/" xmlns:xsi="http://www.w3.org/2001/XMLSchema-instance" xsi:schemaLocation="http://www.openarchives.org/OAI/2.0/ http://www.openarchives.org/OAI/2.0/OAI-PMH.xsd"><responseDate>2026-04-17T15:45:58Z</responseDate><request verb="GetRecord" identifier="oai:www.recercat.cat:2445/222562" metadataPrefix="marc">https://recercat.cat/oai/request</request><GetRecord><record><header><identifier>oai:recercat.cat:2445/222562</identifier><datestamp>2025-11-19T20:59:08Z</datestamp><setSpec>com_2072_1057</setSpec><setSpec>col_2072_478810</setSpec><setSpec>col_2072_478917</setSpec></header><metadata><record xmlns="http://www.loc.gov/MARC21/slim" xmlns:dcterms="http://purl.org/dc/terms/" xmlns:xsi="http://www.w3.org/2001/XMLSchema-instance" xmlns:doc="http://www.lyncode.com/xoai" xsi:schemaLocation="http://www.loc.gov/MARC21/slim http://www.loc.gov/standards/marcxml/schema/MARC21slim.xsd">
   <leader>00925njm 22002777a 4500</leader>
   <datafield ind2=" " ind1=" " tag="042">
      <subfield code="a">dc</subfield>
   </datafield>
   <datafield ind2=" " ind1=" " tag="720">
      <subfield code="a">Taranilla, Raquel, 1981-</subfield>
      <subfield code="e">author</subfield>
   </datafield>
   <datafield ind2=" " ind1=" " tag="720">
      <subfield code="a">Yúfera Gómez, Irene</subfield>
      <subfield code="e">author</subfield>
   </datafield>
   <datafield ind2=" " ind1=" " tag="260">
      <subfield code="c">2025-07-24T12:47:42Z</subfield>
   </datafield>
   <datafield ind2=" " ind1=" " tag="260">
      <subfield code="c">2025-07-24T12:47:42Z</subfield>
   </datafield>
   <datafield ind2=" " ind1=" " tag="260">
      <subfield code="c">2012-12</subfield>
   </datafield>
   <datafield ind2=" " ind1=" " tag="260">
      <subfield code="c">2025-07-24T12:47:42Z</subfield>
   </datafield>
   <datafield ind2=" " ind1=" " tag="520">
      <subfield code="a">En el ámbito de la didáctica del lenguaje del derecho, todavía se echan de menos estudios que reflexionen sobre contenidos y métodos docentes. Este artículo presenta algunas ideas y propuestas sobre la enseñanza del discurso jurídico en español que surgieron a partir de un taller celebrado en el seno de las Jornadas sobre la modernización del discurso jurídico español. En concreto, versa sobre la conveniencia de tratar específicamente la composición de textos argumentativos y narrativos, puesto que dominar las claves de esos dos tipos textuales es crucial en el ejercicio profesional del derecho. Este trabajo propone algunos aspectos sobre la construcción de argumentaciones y narraciones que se deberían abordar en el aula de discurso jurídico, así como diversas actividades diseñadas para tratar esos contenidos.</subfield>
   </datafield>
   <datafield ind1="8" ind2=" " tag="024">
      <subfield code="a">http://hdl.handle.net/2445/222562</subfield>
   </datafield>
   <datafield tag="653" ind2=" " ind1=" ">
      <subfield code="a">Llenguatge jurídic</subfield>
   </datafield>
   <datafield tag="653" ind2=" " ind1=" ">
      <subfield code="a">Didàctica de la llengua</subfield>
   </datafield>
   <datafield tag="653" ind2=" " ind1=" ">
      <subfield code="a">Legal language</subfield>
   </datafield>
   <datafield tag="653" ind2=" " ind1=" ">
      <subfield code="a">Language teaching methods</subfield>
   </datafield>
   <datafield ind2="0" ind1="0" tag="245">
      <subfield code="a">La tipología textual en la enseñanza de la lengua del derecho: consideraciones a partir de una experiencia docente</subfield>
   </datafield>
   <datafield ind2="0" ind1="0" tag="245">
      <subfield code="a">Textual typology in the teaching of legal language: considerations based on teaching experience</subfield>
   </datafield>
</record></metadata></record></GetRecord></OAI-PMH>